000 00481nam a2200229Ia 4500
008 210210b1900 xxu||||| |||| 00| 0 eng d
041 _aeng
082 _a444/419
100 _aBRUNOT (F)
245 _aHistoire de la langue francaise Vol II
260 _aParis
_b-
_c1900
440 _a2
650 _aVol
650 _alangue
650 _ala
650 _aII
650 _aHistoire
650 _afrancaise
650 _ade
690 _aFrench
906 _a006614
999 _c129604
_d129604